000 00560nam a22001697a 4500
005 20251108171132.0
008 250721s1984 xx 000 0 ara d
082 1 4 _a266/صاب
100 1 _aطعيمه، صابر
245 1 0 _aأخطار الغزو الفكر على العالم الإسلامي :
_bبحوث حول العقائد الوافدة /
264 1 _aبيروت :
_bعالم الكتب،
_c1984.
300 _a419ص
650 1 7 _aالإرساليات التبشيرية
650 1 7 _aالماسونية
942 _2ddc
_cBK
999 _c57488
_d57488